000 01611nam0a2200397 4500
001 RU\NLR\bibl\1375744
005 20250615191855.0
010 _a978-5-17-056935-9
010 _a978-5-226-00779-8
_bВКТ
_94000
021 _aRU
_b2009-27887
_91670
035 _a(nilc)IZD\AST\2007\891091
035 _a(NLR Aleph) 001367855
090 _a1022529
_c1022529
100 _a20090128d2009 |||y0rusy50 ca
101 0 _arus
102 _aRU
105 _ay |||||||||
200 1 _aЗаболевания горла и носа
_eринит, аденоиды, ангина, тонзиллит
_f[сост.: О. В. Давиденко]
210 _aМосква
_cАСТ
_aСанкт-Петербург
_cСова
_aВладимир
_cВКТ
_d2009 (печ. 2008)
215 _a126, [2] с.
_d20
225 1 _aСоветы опытного врача
606 1 _aГорло
_jПопулярные издания
_xБолезни
_91449710
_3RU\NLR\auth\66304101
606 1 _aНос
_jПопулярные издания
_xБолезни
_9940908
_3RU\NLR\auth\6629462
686 _a03510
_aПульмонология. Заболевания дыхательной системы
_2TCC-BG
686 _a56.8
_vLBC\PL
_2rubbk
686 _aР682.5я9
686 _aР682.4я9
702 1 _aДавиденко
_bО. В.
_gОксана Валерьевна
_4220
801 0 _aRU
_bЛИБНЕТ
_c20090128
801 1 _aRU
_bЦУНБ Москва
_c20090316
_2rusmarc
801 2 _aRU
_bNLR
_c20090602
_grcr
830 _aCODE_OF_LIBNET\000018354
942 _cBOOK
980 _aNB